African custom and Western law: the development of the Rhodesian criminal law for Africans

Guardado en:  
Detalles Bibliográficos
Autor principal: Mittlebeeler, Emmet V. (Autor)
Tipo de documento: Print Libro
Lenguaje:Inglés
Publicado: New York [u.a.] Africana Publ. Co. 1976
En:Año: 1976
Disponibilidad en Tübingen:Disponible en Tübingen.
UB: KB 10 A 92
Verificar disponibilidad: HBZ Gateway
Servicio de pedido Subito: Pedir ahora.

MARC

LEADER 00000cam a22000002c 4500
001 1093501936
003 DE-627
005 20260206194720.0
007 tu
008 910308s1976 xx ||||| 00| ||eng c
020 |a 0841901074  |9 0-8419-0107-4 
035 |a (DE-627)1093501936 
035 |a (DE-603)049157647 
035 |a (DE-576)023501936 
035 |a (DE-599)BSZ023501936 
035 |a (OCoLC)1067866097 
035 |a (OCoLC)01119346 
040 |a DE-627  |b ger  |c DE-627  |e rakwb 
041 |a eng 
082 0 |a 345/.6891 
082 0 |a 345.6891  |q LoC  |2 DDCoclc 
084 |a MI 67094  |2 rvk  |0 (DE-625)rvk/122980:12054 
100 1 |a Mittlebeeler, Emmet V.  |4 aut 
245 1 0 |a African custom and Western law  |b the development of the Rhodesian criminal law for Africans  |c Emmet V. Mittlebeeler 
264 1 |a New York [u.a.]  |b Africana Publ. Co.  |c 1976 
300 |a 248 S. 
336 |a Text  |b txt  |2 rdacontent 
337 |a ohne Hilfsmittel zu benutzen  |b n  |2 rdamedia 
338 |a Band  |b nc  |2 rdacarrier 
505 8 |a Literaturverz. S. 238 - 248 
505 8 |a Literaturverz. S. 238 - 248 
583 1 |a Archivierung prüfen  |c 20200919  |f DE-640  |z 3  |2 pdager 
935 |h HEB  |i 0501 
935 |h HEB  |i 0503 
936 r v |a MI 67094  |b Staatsstreich, Bürgerkrieg, Guerilla, Unabhängigkeitskrieg  |k Politologie  |k Politische Systeme einzelner Länder  |k Afrika, Lateinamerika, Australien  |k Afrika insgesamt,Subsaharisches Afrika  |k Südafrika  |k Simbabwe  |k Formen politischer Auseinandersetzung  |k Staatsstreich, Bürgerkrieg, Guerilla, Unabhängigkeitskrieg  |0 (DE-627)1272090124  |0 (DE-625)rvk/122980:12054  |0 (DE-576)202090124 
936 s n |a m100  |2 mzub 
936 s n |a p100  |2 mzub 
951 |a BO 
ELC |b 1 
LOK |0 000 xxxxxcx a22 zn 4500 
LOK |0 001 2160787450 
LOK |0 003 DE-627 
LOK |0 004 1093501936 
LOK |0 005 20020606000000 
LOK |0 008 910308||||||||||||||||ger||||||| 
LOK |0 040   |a DE-21  |c DE-627  |d DE-21 
LOK |0 852   |a DE-21 
LOK |0 852 1  |c KB 10 A 92  |9 00 
LOK |0 935   |a krim 
LOK |0 936ln  |a k2.3 
LOK |0 939   |a 08-03-91  |b l01 
ORI |a SA-MARC-krimdoka001.raw 
SIG |a UB: KB 10 A 92